000 00364nam a2200145Ia 4500
008 191201s2004 xx 000 0 und d
082 _a620.3
_bTSM
100 _aTSF, Francis
245 0 _aMechanical Vibrations Theory and Applications
250 _aRep
260 _aN. Delhi
_bC B S Publisher
_c2004
300 _a449
650 _aM.Tech (ME)
942 _2ddc
_cBK
999 _c5104
_d5104